Trasa Warszawskiej linii autobusowej 525 - Statystyki

Ogólne statystyki
  • Ten quiz został rozwiązany 59 razy
    35 od ostatniego zresetowania
  • Średni wynik to 26 z 29
Statystyki odpowiedzi
Dzielnica Przystanek % Poprawnych
Śródmieście Centrum
100%
Wawer Międzylesie
100%
Wawer Bielszowicka
96%
Wawer Bursztynowa-Szpital
96%
Wawer Centrum Zdrowia Dziecka
96%
Wawer Czatów
96%
Śródmieście / Ochota Dworzec Centralny
96%
Śródmieście / Ochota Dworzec Centralny
96%
Wawer IX Poprzeczna
96%
Wawer Pożaryskiego
96%
Praga-Południe Saska
96%
Praga-Południe Centrum Handlowe Promenada
91%
Wawer Kajki
91%
Praga-Południe Międzynarodowa
91%
Praga-Południe / Wawer Płowiecka
91%
Wawer Trakt Lubelski
91%
Wawer Alpejska-Instytut
87%
Praga-Południe Kanał Gocławski
87%
Śródmieście Marszałkowska
87%
Śródmieście Metro Politechnika
87%
Wawer Odrodzenia
87%
Śródmieście Plac Konstytucji
87%
Śródmieście Plac Na Rozdrożu
87%
Praga-Południe Poligonowa
87%
Praga-Południe Przyczółek Grochowski
87%
Śródmieście Rozbrat
87%
Wawer Trawiasta
87%
Praga-Południe Zajezdnia Ostrobramska
87%
Praga-Południe Zamieniecka
87%
Nie znaleziono quizów pasujących do podanych kryteriów
Rozkład punktacji
Procent ludzi z każdym wynikiem
Percentyl według liczby udzielonych odpowiedzi
Twoja historia wyników
Nie rozwiązałeś tego quizu od ostatniego zresetowania